01647nam a2200397 a 4500001001000000003000500010005001700015008004100032010001100073011001100084040000900095090001000104100004000114245019300154260004100347500006000388502008700448590004100535590004100576590004000617590004000657590004000697590004000737590004000777650002800817650005100845650003400896650003100930700004500961856007001006901000701076942001001083942000601093999001901099952013101118000115192CHAP20220329144522.0181123s2018 mx a sm |||||||spa d a111653 a112625 cCHAP aTesis00aFlores Pérez, José Luis.94168510aDiseño de un sistema agroforestal para la producción de café en el municipio de Santiago El Pinar, Chiapas /h[En línea]cpor Jorge Flores Pérez y Eliseo Domingo Gómez Gómez. aChapingo, Méx. :bEl autor,c2018. aPara ver el contenido del material haga clic en la liga aTesis (Ing. en Restauración Forestal) -- UACH. División de Ciencias Forestales aBATCH-UPDb10c20190619lUCH01h1002 aE11695DGDb10c20190619lUCH01h1001 aE8697GMMb05c20181123lUCH01h0914 aE8697GMMb05c20181123lUCH01h0915 aE8697GMMb05c20181123lUCH01h1246 aE8697GMMb05c20181203lUCH01h1227 aE8697GMMb05c20190517lUCH01h140914aCaféxChiapas.91711514aCaféxOrganización de productores.913216614aCaféxProducción.912977914aCaféxVariedades.9172081 aGómez Gómez, Eliseo Domingo.9136179 aFinding aiduhttp://10.13.5.2/tesis/sist115192.pdfzTeclea aquí aBK cTESIS n0 c111653d111653 00104054718TESISaBCbBCd2018-11-23fTESISl0oTesisp115200-10r2019-12-31 00:00:00w2019-12-31yTESISzRecien adquirido